NHL Team Captains (2013-14) - Statistics

General Stats
  • This quiz has been taken 198 times
  • The average score is 18 of 27
Answer Stats
Hint Answer % Correct
Anaheim Ducks Ryan Getzlaf
94%
Carolina Hurricanes Eric Staal
89%
Boston Bruins Zdeno Chara
88%
Dallas Stars Jamie Benn
87%
Chicago Blackhawks Jonathan Toews
87%
Pittsburgh Penguins Sidney Crosby
85%
Washington Capitals Alex Ovechkin
82%
Colorado Avalanche Gabriel Landeskog
78%
Calgary Flames Mark Giordano
78%
Tampa Bay Lightning Steven Stamkos
78%
Arizona Coyotes Shane Doan
76%
Philadelphia Flyers Claude Giroux
75%
San Jose Sharks Joe Thornton
75%
New York Islanders John Tavares
73%
Los Angeles Kings Dustin Brown
72%
Detroit Red Wings Henrik Zetterberg
72%
Minnesota Wild Mikko Koivu
69%
Nashville Predators Shea Weber
56%
Toronto Maple Leafs Dion Phaneuf
54%
St. Louis Blues David Backes
50%
Ottawa Senators Jason Spezza
48%
Montreal Canadiens Brian Gionta
46%
Winnipeg Jets Andrew Ladd
43%
New Jersey Devils Bryce Salvador
37%
Florida Panthers Ed Jovanovski
35%
Vancouver Canucks Henrik Sedin
35%
Edmonton Oilers Andrew Ference
28%
No matching quizzes found
Score Distribution
Percent of People with Each Score
Percentile by Number Answered
Your Score History
You have not taken this quiz